star wars - Statistics

General Stats
  • This quiz has been taken 27 times
  • The average score is 6 of 11
Answer Stats
Hint Answer % Correct
has been a slave anakin
92%
exuctue order ____ 66
88%
drug smuggler han
88%
the twins Luke and Leia
85%
frees a slave qui Gon
85%
Yoda's apprentice dooku
62%
the drug dealers best friend chewie
58%
these are not the ____ ___ ___ droids your looking for
19%
fell out of a window mace windo
15%
that's no moon ______ that's a space station
12%
has the power of lightning palpitine
4%
No matching quizzes found
Score Distribution
Percent of People with Each Score
Percentile by Number Answered
Your Score History
You have not taken this quiz